000 00564nam a22001937a 4500
003 OSt
005 20140310182521.0
008 130810t xxu||||| |||| 00| 0 eng d
020 _a9780781779036
050 _aRM 301.5
_b.W56 2010
100 _aWinter, Michael E.
_99361
245 _aBasic Clinical Pharmacokinetics /
_cMichael E. Winter.
260 _aChina :
_bLippincott Williams & Wilkins,
_cc2010.
300 _a548 p. :
_c23 cm.
650 _aPharmaconetics.
_99362
650 _aPharmacology, Clinical.
_98345
942 _2lcc
_cSSLC
999 _c14027
_d14027